000 00305nam a22001337a 4500
008 171002b xxu||||| |||| 00| 0 eng d
020 _a9780155037083
041 _aeng
080 _25TH
_a37
100 _a47
101 _aEDU
245 _aWRITING ESSAYS ABOUT LITERATURE
_cGRIFFITH,K
942 _2udc
_cBK
999 _c31077
_d31077